Guess the starting goalkeepers of UCL winners - Statistics

General Stats
  • This quiz has been taken 291 times
  • The average score is 19 of 27
Answer Stats
Hint Answer % Correct
Real Madrid 2015-2016 Keylor Navas
97%
Real Madrid 2016-2017 Keylor Navas
97%
Real Madrid 2017-2018 Keylor Navas
97%
Real Madrid 1999-2000 Iker Casillas
96%
Real Madrid 2001-2002 Iker Casillas
96%
Real Madrid 2013-2014 Iker Casillas
96%
Barcelona 2014-2015 Marc-Andre Ter Stegen
96%
Bayern Munich 2012-2013 Manuel Neuer
94%
Barcelona 2005-2006 Victor Valdes
90%
Barcelona 2008-2009 Victor Valdes
90%
Barcelona 2010-2011 Victor Valdes
90%
Ajax 1994-1995 Edwin van der Sar
88%
Manchester United 2007-2008 Edwin van der Sar
88%
Chelsea 2011-2012 Petr Cech
88%
Milan 2002-2003 Dida
77%
Milan 2006-2007 Dida
77%
Bayern Munich 2000-2001 Oliver Kahn
70%
Liverpool 2004-2005 Jerzy Dudek
66%
Liverpool 2018-2019 Alisson Becker
65%
Inter Milan 2009-2010 Julio Cesar
60%
Manchester United 1998-1999 Peter Schmeichel
58%
Marseille 1992-1993 Fabien Barthez
33%
Porto 2003-2004 Vitor Baia
19%
Juventus 1995-1996 Angelo Peruzzi
12%
Milan 1993-1994 Sebastiano Rossi
12%
Real Madrid 1997-1998 Bodo Illgner
10%
Borussia Dortmund 1996-1997 Stefan Klos
6%
No matching quizzes found
Score Distribution
Percent of People with Each Score
Percentile by Number Answered
Your Score History
You have not taken this quiz